000 00942cam a2200229 a 4500
001 000009613
005 20200929161637.0
008 770223s1956 ve a 001 j spa
040 _aDO-SdBNP
_cMWelC
_dDLC
042 _apremarc
082 _a863.62
_bM357h
100 1 _aMárquez Salas, Antonio,
_d1919-
_924464
245 1 4 _aLas hormigas viajan de noche :
_bcuentos /
_cAntonio Márquez Salas.
260 _aCaracas, :
_bCuadernos literarios de la "Asociación de Escritores Venezolanos,
_c1956.
300 _a74 p. :
_bil. ;
_c16 cm.
490 1 _aCuadernos literarios de la "Asociación de Escritores Venezolanos
_v90
505 0 _aUna mujer y la muerte.--Cachupo.--!Como Dios!--Hacia los bellos dias.--El hilo.--Torbellino.
650 4 _aCuento español
_924222
650 4 _aLiteratura española
_9632
830 0 _aCuadernos literarios de la "Asociación de Escritores Venezolanos ;
_v90
_96734
910 _aCatalogación por copia / LC
999 _c9373
_d9373